000
00310nam a2200121Ia 4500
008
190216s9999||||xx |||||||||||||| ||und||
100
_a
Desai Ssm & Nirmal Bhalerao
245
0
_a
Economic History Of India
260
_b
Himalaya Publishing House
_c
1997
300
_a
372p
650
_a
Economics
942
_c
BK
999
_c
9786
_d
9786